000 nam a22 a 4500
999 _c61659
_d61659
003 BLK
005 20221122165036.0
008 180408b bul|||||r ||||||| ||bul||
040 _aBLK
041 _aBUL
_cBUL
080 _aС електрическо задвижване. Електропривод
_b62-83
_z62-83
139 _aАвтоматично управление на електрозадвижванията
245 1 0 _aАвтоматично управление на електрозадвижванията
_bМоногр. : Т. 1 -
_cавт. на том Николай Делчев Наплатанов.
_nТ. 1
_pТеория и практика на релейно-контакторното управление
257 _aBGR
260 _aСофия
_bТехника
_c1979 -
300 _c22 см
380 _a62
504 _a373-375
650 4 _aЕлектрозадвижване - управление
_9290484
653 _aелектрозадвижване
700 1 _aНаплатанов, Николай Делчев
_eавт. на том
_9370066
760 1 _dСофия, 1979
_h375 с. : със сх., табл., черт.
_nБиблиогр. с. 373-375
_oТ. 1 Теория и практика на релейно-контакторното управление
_tАвтоматично управление на електрозадвижванията
852 _aЦб 96735
_bЦб
942 _cKNG
_n0
_01
_s1
944 _aCR
_c13.06.2004
_kГеновева_Генчева
944 _aED
_c2022-11-22